UBT Library

SOCIAL HISTORY OF WESTERN CIVILIZATION (Record no. 15842)

000 -LEADER
fixed length control field 00307nam a22001337a 4500
008 - FIXED-LENGTH DATA ELEMENTS--GENERAL INFORMATION
fixed length control field 170605b xxu||||| |||| 00| 0 eng d
020 ## - INTERNATIONAL STANDARD BOOK NUMBER
International Standard Book Number 9780312004316
041 ## - LANGUAGE CODE
Language code of text/sound track or separate title eng
080 ## - UNIVERSAL DECIMAL CLASSIFICATION NUMBER
Universal Decimal Classification number 94
100 ## - Rafti
Rafti 18
101 ## - Shkurtesa
Shkurtesa SHH
245 ## - TITLE STATEMENT
Title SOCIAL HISTORY OF WESTERN CIVILIZATION
Statement of responsibility, etc GOLDER,R.M
942 ## - ADDED ENTRY ELEMENTS (KOHA)
Source of classification or shelving scheme
Item type Books

No items available.

UBT Library © 2015-2024. All rights reserved University Education for Business and Technology